000 00373nam a2200145Ia 4500
008 230917s9999||||xx |||||||||||||| ||und||
040 _e117199
_aMAIN
041 _aEnglish
082 _a616.89 G767N
100 _aGrant, Igor
245 0 _aNeuropsychological assessment of Disorders
260 _aOxford
_bOxford University Press
_c1986
300 _a536 p.
942 _cBK
999 _c53458
_d53458